|
|
|
|
| LEADER |
00000caa a2200000 c 4500 |
| 001 |
1525808281 |
| 003 |
DE-627 |
| 005 |
20240618174441.0 |
| 007 |
tu |
| 008 |
160223s1988 xx ||||| 00| ||ger c |
| 020 |
|
|
|a 3452209385
|
| 035 |
|
|
|a (DE-627)1525808281
|
| 035 |
|
|
|a (DE-576)455808287
|
| 035 |
|
|
|a (DE-599)BSZ455808287
|
| 040 |
|
|
|a DE-627
|b ger
|c DE-627
|e rakwb
|
| 041 |
|
|
|a ger
|
| 100 |
1 |
|
|a Schünemann, Bernd
|d 1944-
|0 (DE-588)124299792
|0 (DE-627)08577037X
|0 (DE-576)162983077
|4 aut
|
| 109 |
|
|
|a Schünemann, Bernd 1944-
|
| 245 |
1 |
0 |
|a Reflexionen über die Zukunft des deutschen Strafverfahrens
|c Bernd Schünemann
|
| 264 |
|
1 |
|c 1988
|
| 336 |
|
|
|a Text
|b txt
|2 rdacontent
|
| 337 |
|
|
|a ohne Hilfsmittel zu benutzen
|b n
|2 rdamedia
|
| 338 |
|
|
|a Band
|b nc
|2 rdacarrier
|
| 773 |
0 |
8 |
|i In
|t Strafrecht, Unternehmensrecht, Anwaltsrecht
|d Köln : Heymann, 1988
|g (1988), Seite 461-484
|h XVI, 1027 S.
|w (DE-627)27425204X
|w (DE-576)01365621X
|z 3452209385
|7 nnam
|
| 773 |
1 |
8 |
|g year:1988
|g pages:461-484
|
| 889 |
|
|
|w (DE-627)780588894
|
| 935 |
|
|
|a mkri
|
| 935 |
|
|
|i mdedup
|
| 951 |
|
|
|a AR
|
| ELC |
|
|
|b 1
|
| LOK |
|
|
|0 000 xxxxxcx a22 zn 4500
|
| LOK |
|
|
|0 001 2899261894
|
| LOK |
|
|
|0 003 DE-627
|
| LOK |
|
|
|0 004 1525808281
|
| LOK |
|
|
|0 005 20160223094936
|
| LOK |
|
|
|0 008 160208||||||||||||||||ger|||||||
|
| LOK |
|
|
|0 040
|a DE-21-110
|c DE-627
|d DE-21-110
|
| LOK |
|
|
|0 689
|a s
|a Strafprozessreform
|
| LOK |
|
|
|0 852
|z Kein Bestand am IfK; Nachweis für KrimDok
|
| LOK |
|
|
|0 852
|a DE-21-110
|
| LOK |
|
|
|0 852 1
|m v
|9 00
|
| LOK |
|
|
|0 935
|a k110
|
| LOK |
|
|
|0 938
|k v
|
| LOK |
|
|
|0 939
|a 08-02-16
|b l01
|
| ORI |
|
|
|a SA-MARC-krimdoka001.raw
|